| 000 | 00642nam a2200205 a 4500 | ||
|---|---|---|---|
| 005 | 20260327064208.0 | ||
| 008 | 090616m19872004mx r 000 0 spa d | ||
| 020 | _a9684940270 | ||
| 035 | _aUPN01000171203 | ||
| 049 | _aI | ||
| 050 | 4 |
_aPZ76.3 _bA2.4 |
|
| 100 | 1 |
_aAbreu Gómez, Ermilo, _d1894-1971 _928026 |
|
| 245 | 1 | 0 |
_aDoña estrella y sus luceros / _cHermilo Abreu Gómez ; il. Maribel Suárez. |
| 260 |
_aMéxico : _bCIDCLI, _c1987 (2004 impr.). |
||
| 300 |
_a24 p. : _bil. col. |
||
| 440 | 3 | _aLa troje encantada | |
| 650 | 4 |
_aGatos _vCuentos y leyendas _911010 |
|
| 650 | 4 |
_aCuentos infantiles mexicanos _97723 |
|
| 905 | _aInfantil | ||
| 999 |
_c143308 _d143308 |
||